000 00705nam a2200253 a 4500
999 _c1622
_d1622
007 ta
008 200110t2012 xxkad||g||||| 001 0 eng d
020 _a9781439888506
_c£ 93.00
040 _aKO
_beng
041 0 _aeng
044 _axxk
082 0 4 _223
_a623.85
_bP2721
100 1 _aPatel, Mukund R.
245 1 0 _aShipboard Propulsion, Power Electronics, and Ocean Energy /
_cMukund R. Patel
260 _aBoca Raton :
_bCRC Press,
_c2012.
300 _axxv, 363 p. :
_bill., charts ;
_c24 cm
505 0 _aIncludes Index.
650 0 _aShip propulsion, Electric
650 0 _aPower electronics
650 0 _aOffshore electric power plants
904 _aA_BOSE
942 _cBK